[Event "GCT Saint Louis Blitz 2018"]
[Site "Saint Louis"]
[Date "2018.08.14"]
[Round "5"]
[White "Anand, Viswanathan"]
[Black "Caruana, Fabiano"]
[Result "1/2-1/2"]
[WhiteElo "2812"]
[BlackElo "2709"]
[Annotator "TA"]
[PlyCount "49"]
[EventDate "2018.08.14"]
[EventType "tourn"]
[EventCountry "USA"]
[SourceTitle "playchess.com"]
[Source "ChessBase"]
[SourceQuality "1"]

{[%evp 25,49,9,16,15,9,8,13,15,18,-37,48,23,16,29,37,18,20,28,58,29,21,8,8,12,8,0]} 1. e4 e5 2. Nf3 Nf6 3. Nxe5 d6 4. Nf3 Nxe4 5. d4 d5 6. Bd3 Bd6 7. O-O O-O 8. c4 c6 9. Nc3 Nxc3 10. bxc3 dxc4 11. Bxc4 Bf5 12. Re1 {C42: Petroff Defence: 3 Nxe5 and unusual White 3rd moves} (12. Ng5 h6 13. Qf3 Bg6 14. Ne4 Bxh2+ 15. Kxh2 Qh4+ 16. Qh3 Qxh3+ 17. gxh3 Bxe4 18. Rg1 Re8 19. Bxh6 g6 {½-½ (40) Vachier Lagrave,M (2789)-Caruana,F (2822) Stavanger 2018}) 12... Nd7 {[%cal Bb8d7,Bd7b6,Bb6d5][%mdl 32]} 13. Bg5 Qa5 {LiveBook: 5 Games} 14. Nh4 {White wants to play Be7.} (14. Qb3 b5 15. Bf1 Rfe8 16. c4 Be6 17. Qc2 bxc4 18. Bxc4 Bxc4 19. Qxc4 Qd5 {½-½ (30) Anand,V (2783)-Caruana,F (2807) Saint Louis 2017}) 14... Nb6 15. Bb3 {[#] Strongly threatening c4.} Be6 $146 ({Predecessor:} 15... Bd7 16. Bd2 Rae8 17. Rxe8 Rxe8 18. Rb1 Qa6 19. Qh5 Nc4 {0-1 (40) Liang,A (2552)-Lenderman,A (2599) Saint Louis 2018}) 16. Rxe6 {Qg4 is the strong threat.} Qxg5 ({Not} 16... fxe6 $2 17. Bxe6+ Rf7 18. Nf5 $18) 17. Nf3 ({White should play} 17. Re4 $11) 17... Qd8 (17... Bxh2+ $1 $15 18. Kh1 Qd8) 18. Re4 Nd5 19. Qd3 g6 20. g3 Qd7 21. Rae1 Rfe8 22. Rxe8+ Rxe8 23. Kg2 {The position is equal.} Rxe1 24. Nxe1 Kg7 25. Nc2 {Precision: White = 24%, Black = 47%.} 1/2-1/2

[Event "GCT Saint Louis Blitz 2018"]
[Site "Saint Louis"]
[Date "2018.08.14"]
[Round "5"]
[White "Mamedyarov, Shakhriyar"]
[Black "Vachier-Lagrave, Maxime"]
[Result "0-1"]
[WhiteElo "2795"]
[BlackElo "2878"]
[Annotator "TA"]
[PlyCount "120"]
[EventDate "2018.08.14"]
[EventType "tourn"]
[EventCountry "USA"]
[SourceTitle "playchess.com"]
[Source "ChessBase"]
[SourceQuality "1"]

{[%evp 10,120,0,0,17,15,22,19,22,22,15,15,16,13,35,35,28,18,27,17,18,31,35,20,52,52,51,41,77,66,51,37,93,73,94,57,52,67,97,58,103,73,200,102,97,105,99,104,110,102,106,109,112,109,106,-36,-47,-31,-51,-31,0,-112,-70,-65,-72,-52,-47,-105,-8,-181,-162,-182,-161,-168,-153,-585,-570,-823,-675,-570,-1106,-1107,-1524,-5585,-10352,-6410,-5385,-5189,-29956,-5385,-2412,-29960,-29961,-29960,-29952,-29960,-29965,-29966,-29966,-29978,-29979,-29983,-29984,-29982,-29983,-29983,-29982,-29986,-29987,-29987,-29988,-29989,-29990]} 1. d4 Nf6 2. c4 g6 3. g3 c6 4. Bg2 d5 5. Qa4 Bg7 6. cxd5 {LiveBook: 36 Partien. D71: Grünfeldindisch (Fianchetto)} O-O 7. e4 $146 {[%cal Be2e4,Be4e5][%mdl 32]} ({Vorgänger:} 7. dxc6 Nxc6 8. Nf3 Nd5 9. e3 Nb6 10. Qd1 e5 11. O-O Bg4 12. dxe5 Qxd1 13. Rxd1 Nxe5 {½-½ (68) Vitiugov,N (2735)-Vachier Lagrave,M (2789) Karlsruhe/Baden-Baden 2018}) 7... cxd5 8. e5 {Die Stellung ist ausgeglichen.} Nfd7 9. Nc3 Nb6 10. Qd1 Nc6 11. Nge2 Bg4 12. h3 Bxe2 13. Nxe2 f6 14. f4 fxe5 15. dxe5 e6 16. b3 Nd7 {Droht stark ...Db6.} 17. O-O Qb6+ 18. Kh2 Rad8 19. Bb2 Rfe8 20. h4 Qa6 (20... Nc5 $14) 21. h5 gxh5 22. Ng1 h4 23. gxh4 Ne7 24. Qh5 Qd3 25. Nh3 Qf5 (25... Qg6 $16 26. Bf3 Nc5) 26. Bf3 (26. Ng5 $18) 26... Rc8 $16 {...Tc2+ ist eine echte Drohung.} 27. Rac1 h6 28. Rg1 Qxh5 29. Bxh5 Rxc1 30. Rxc1 Rc8 31. Bg4 Kf7 32. f5 (32. Rxc8 $1 $16 Nxc8 33. Bh5+ Kg8 34. Ng1) 32... Bxe5+ $15 33. Bxe5 Nxe5 34. fxe6+ Kf6 35. Rxc8 (35. Rf1+ $11 {war der einzige Weg, das Gleichgewicht zu behalten.} Kg7 36. Bd1) 35... Nxg4+ (35... Nxc8 {feels hotter.} 36. Kg3 Nd6 37. Nf2 Ne8 38. Kf4 Ng7) 36. Kg3 Nxc8 37. Kxg4 Kxe6 {[%mdl 4096] Endspiel KS-KS} 38. Kh5 Kf5 (38... Kf6 $17) 39. Nf2 $2 (39. Kxh6 $11 Nd6 40. Nf2) 39... Ne7 $1 $19 40. Kxh6 Ng6 $1 41. h5 Nf4 42. Nh1 $2 (42. a4 $17 {ist eine bessere Chance.}) 42... d4 43. Nf2 b6 44. a3 a6 {[%cal Ba7a6,Ba6a5][%mdl 32]} 45. a4 {[#]} a5 $1 46. Kg7 Nxh5+ 47. Kf7 Nf4 48. Ke7 Ke5 49. Kd7 Kd5 50. Kc7 Kc5 {Schwarz setzt Matt.} 51. Ne4+ {[#]} Kb4 $1 52. Kxb6 d3 {[%cal Bd4d3,Bd3d2][%mdl 32]} 53. Kc6 Ne2 54. Kb6 Nd4 55. Nf6 d2 56. Nd5+ Kxb3 57. Ne3 Kb4 58. Nd5+ Kxa4 59. Kc5 Kb3 60. Ne3 Nc2 {Precision: Weiß = 46%, Schwarz = 62%.} 0-1

[Event "GCT Saint Louis Blitz 2018"]
[Site "Saint Louis"]
[Date "2018.08.14"]
[Round "5"]
[White "Dominguez Perez, Leinier"]
[Black "So, Wesley"]
[Result "1-0"]
[WhiteElo "2687"]
[BlackElo "2800"]
[Annotator "TA"]
[PlyCount "79"]
[EventDate "2018.08.14"]
[EventType "tourn"]
[EventCountry "USA"]
[SourceTitle "playchess.com"]
[Source "ChessBase"]
[SourceQuality "1"]

{[%evp 22,79,38,12,53,47,53,47,52,45,50,40,28,15,22,22,20,21,20,5,5,8,44,18,15,24,54,60,73,60,72,64,123,123,123,123,123,123,133,123,123,123,123,128,125,149,467,462,468,468,436,433,1067,1066,9070,5302,5102,5102,29956,12172]} 1. e4 {[%cal Be2e4,Be4e5][%mdl 32]} c6 2. d4 d5 3. e5 Bf5 4. Nf3 e6 5. Be2 c5 6. Be3 cxd4 7. Nxd4 Ne7 8. O-O Nbc6 9. Bb5 {B12: Caro-Kann: Advance Variation} a6 10. Bxc6+ Nxc6 11. Nxf5 exf5 12. c3 {LiveBook: 9 Games} Qd7 (12... Be7 13. Nd2 Nxe5 14. Bd4 f6 15. Re1 Nc6 16. Nf1 Kf7 {½-½ (25) Bruzon Batista,L (2664)-Dreev,A (2653) Havana 2018}) 13. Re1 $146 ({Predecessor:} 13. Bd4 Be7 14. Nd2 O-O 15. Nf3 Qe6 16. Qd3 Rfd8 {1-0 (40) Perske,T (2443)-Hoffmeyer,F (2377) Germany 2017}) 13... Be7 14. Nd2 O-O 15. Nf3 Qe6 16. Qb3 b5 17. a4 b4 18. Rad1 bxc3 19. bxc3 Rfd8 20. h3 h6 ({Avoid the trap} 20... Nxe5 $2 21. Nxe5 Qxe5 22. Bb6 $18) 21. Qc2 g5 22. Nd4 Nxd4 23. Bxd4 Rac8 24. Rb1 Bc5 {And now ...Bxd4 would win.} 25. Qd3 Bxd4 26. cxd4 Rc4 {[#]} (26... Rc6 $14) 27. a5 $1 $16 Rdc8 28. Rb6 R8c6 29. Reb1 Kg7 30. Kh2 f4 31. Rxc6 Rxc6 {[%mdl 4096] Endgame KQR-KQR} 32. Rb7 h5 {[#]} 33. Qf3 $1 Kh6 $2 {[%mdl 8192]} (33... Qf5 $16 {is tougher.}) 34. Rb8 $18 Rc8 35. Rxc8 Qxc8 36. Qxd5 g4 (36... Kg7 $142 37. e6 Qxe6 38. Qxg5+ Qg6 39. Qxf4 Qc6 40. Qg5+ Qg6 41. Qe5+ Kf8) 37. Qxf7 g3+ 38. fxg3 fxg3+ 39. Kxg3 h4+ 40. Kh2 {Precision: White = 72%, Black = 33%.} 1-0

[Event "GCT Saint Louis Blitz 2018"]
[Site "Saint Louis"]
[Date "2018.08.14"]
[Round "6"]
[White "Karjakin, Sergey"]
[Black "Mamedyarov, Shakhriyar"]
[Result "0-1"]
[WhiteElo "2898"]
[BlackElo "2795"]
[Annotator "TA"]
[PlyCount "100"]
[EventDate "2018.08.14"]
[EventType "tourn"]
[EventCountry "USA"]
[SourceTitle "playchess.com"]
[Source "ChessBase"]
[SourceQuality "1"]

{[%evp 17,100,39,39,39,60,51,42,41,63,35,23,19,48,33,30,-12,-22,-5,-4,-25,-27,-20,-31,-39,45,0,0,0,0,0,0,0,0,0,0,0,0,0,0,0,0,0,0,0,0,0,0,0,0,0,0,0,0,0,0,0,0,0,0,0,0,0,0,0,0,0,0,0,0,0,0,0,0,0,568,568,547,0,0,0,0,0,0,-29987,-181]} 1. e4 c6 2. d4 d5 3. e5 Bf5 4. Nf3 e6 5. Be2 Ne7 6. c3 Nd7 7. O-O h6 8. Nbd2 {B12: Caro-Kann: Advance Variation} c5 9. dxc5 Nxc5 {LiveBook: 3 Games} 10. Nd4 {White is slightly better.} Nd7 $146 ({Predecessor:} 10... Bh7 11. N2b3 Nc6 12. Be3 Nxb3 13. axb3 Nxe5 14. Bb5+ Nd7 15. Qh5 Bg6 {½-½ (49) Morozevich,A (2760)-Mamedyarov,S (2753) Moscow 2013}) 11. Nxf5 Nxf5 12. Bd3 Ne7 13. Nf3 Nc6 14. Re1 Qc7 {[%cal Rc6e5]} 15. Qe2 g5 16. h3 a6 17. c4 dxc4 18. Bxc4 Bg7 {[%cal Rd7e5]} 19. Bd2 Ndxe5 20. Nxe5 Nxe5 (20... Bxe5 $15 21. Be3 Bh2+ 22. Kh1 Bf4) 21. Bxe6 fxe6 22. Rac1 Qf7 {[#] Strongly threatening ...Nc6.} 23. Bc3 O-O {And now ...Nc6 would win.} 24. Bxe5 Bxe5 25. Qxe5 Qxf2+ 26. Kh1 Rae8 27. Qe4 {aiming for Qg6+.} Qf7 ({Don't go for} 27... Qxb2 $2 28. Rc7 $18) 28. Rf1 Qxf1+ 29. Rxf1 Rxf1+ $11 {[%mdl 4096] Endgame KQ-KRR} 30. Kh2 Rf6 31. Qxb7 e5 32. Qe4 Re7 33. h4 gxh4 34. Qxh4 Kg7 35. Qg4+ Kf7 36. Qe4 Kg7 37. Qg4+ Rg6 38. Qe4 Rg5 39. b4 Rf7 40. g3 h5 41. a4 Rf6 42. b5 axb5 43. axb5 Rfg6 44. Qe3 e4 45. Qd4+ Kh7 $2 {[%mdl 8192]} (45... Rf6 $1 $11 {and Black has nothing to worry.}) 46. b6 $18 Rxg3 47. Qxe4 $2 (47. b7 $18 Rb3 48. b8=Q (48. Qxe4 Rb2+ 49. Kh3 Rb3+ 50. Kh2 Rb2+ 51. Kh3 Rb3+ 52. Kh4 Rb2 $11) 48... Rxb8 49. Qa7+ Kh6 50. Qxb8) 47... R3g4 48. Qe7+ Kh6 49. Qe3+ R6g5 {( -> ...Rh4+)} 50. b7 $2 {[%mdl 8192] [#]} (50. Qf2 $11 Rb5 51. Qf8+ Kg5 52. Qd8+ Kf4 53. Qf8+ (53. Qd2+ Kf3 $11) 53... Kg5 54. Qg8+ Kh6 55. Qh8+ Kg5 56. Qg8+ Kh6 57. Qf8+ Kg5) 50... Rh4+ {Precision: White = 71%, Black = 66%.} 0-1

[Event "GCT Saint Louis Blitz 2018"]
[Site "Saint Louis"]
[Date "2018.08.14"]
[Round "6"]
[White "Anand, Viswanathan"]
[Black "Grischuk, Alexander"]
[Result "1-0"]
[WhiteElo "2812"]
[BlackElo "2831"]
[Annotator "TA"]
[PlyCount "65"]
[EventDate "2018.08.14"]
[EventType "tourn"]
[EventCountry "USA"]
[SourceTitle "playchess.com"]
[Source "ChessBase"]
[SourceQuality "1"]

{[%evp 21,65,39,33,6,45,-72,-47,-69,-77,-81,-16,-34,-39,-48,-48,-414,-402,-412,-109,-152,-115,-141,-121,-259,-96,-77,24,-18,104,108,107,99,227,220,216,210,338,320,297,295,508,505,502,520,510,493]} 1. e4 c5 2. Nf3 d6 3. d4 cxd4 4. Nxd4 Nf6 5. Nc3 a6 6. h3 e6 7. g4 Nfd7 {B81: Sicilian Scheveningen: Keres Attack} 8. Be3 (8. Bg2 Be7 9. Nce2 Nc6 10. c3 Nce5 11. O-O Ng6 12. f4 Nh4 13. Bh1 O-O 14. f5 e5 15. Nc2 {0-1 (57) Fedoseev,V (2724)-Grischuk,A (2767) Moscow 2018}) 8... b5 9. a3 Bb7 10. g5 Be7 11. h4 Nc6 {LiveBook: 67 Games} 12. Qd2 Rc8 13. O-O-O (13. Nxc6 $14 {keeps the upper hand.} Rxc6 14. f4) 13... b4 $1 $17 {[%cal Rb4c3]} 14. axb4 Nxb4 15. Kb1 O-O $146 (15... Nc5 $1 $17 16. Bg2 Qa5) 16. h5 Nc5 $1 17. f3 $1 Qa5 18. b3 $2 {[%mdl 8192] [#]} ({Better is} 18. Nb3 $1 $15 Nxb3 19. cxb3) 18... Bxe4 $1 $19 {[%mdl 512]} 19. Kb2 {[#] Threatens to win with Ra1.} ({Don't blunder} 19. fxe4 $2 Nxe4 $1 {[%mdl 512]} 20. Na4 Nxd2+ $19) (19. Nxe4 Qa2+) 19... Bb7 $2 (19... Nxc2 $1 $19 {[%mdl 512] and Black stays clearly on top. ( -> ...Qa3+)} 20. Nxc2 Nxb3 $1 {[%mdl 512]} 21. Kxb3 Rb8+ 22. Bb5 Bxf3) 20. Ra1 Qc7 21. Rg1 Rfd8 22. f4 (22. g6 $17) 22... Bf8 $2 (22... e5 $1 $19 {aiming for ...Ne4.} 23. Nf5 d5 24. fxe5 Ne4 25. Nxe4 dxe4) 23. g6 $17 h6 (23... Kh8 $17 {And now ...e5 would win.} 24. Bh3 d5) 24. f5 $11 {[%cal Bf4f5,Bf5f6][%mdl 32] gxf7+ is the strong threat.} e5 {[#]} (24... f6 $1 $11 {keeps the balance.} 25. fxe6 d5) 25. f6 $1 $16 {[%cal Rf6g7][%mdl 512]} exd4 (25... gxf6 26. g7) 26. Bxd4 Ne4 {[#]} (26... Ne6 $16 {keeps fighting.}) 27. gxf7+ $1 $18 Qxf7 28. Qxh6 $1 {[%cal Rf6g7]} Nxf6 (28... g5 $142 29. Qg6+ Qxg6 30. hxg6 Nxf6) 29. Qxf6 Qxf6 30. Bxf6 Rd7 $2 (30... d5 31. Bxd8 Rxd8) 31. Bh3 {White is clearly winning.} Rdc7 32. Bxc8 Bxc8 33. h6 {Precision: White = 37%, Black = 23%.} 1-0

[Event "GCT Saint Louis Blitz 2018"]
[Site "Saint Louis"]
[Date "2018.08.14"]
[Round "6"]
[White "So, Wesley"]
[Black "Aronian, Levon"]
[Result "1/2-1/2"]
[WhiteElo "2800"]
[BlackElo "2871"]
[Annotator "TA"]
[PlyCount "57"]
[EventDate "2018.08.14"]
[EventType "tourn"]
[EventCountry "USA"]
[SourceTitle "playchess.com"]
[Source "ChessBase"]
[SourceQuality "1"]

{[%evp 18,57,4,-25,52,-14,74,84,66,68,134,-1,131,129,230,215,208,198,197,61,192,185,204,149,172,0,0,0,91,0,0,0,0,0,0,0,0,-143,-120,-127,0,0]} 1. d4 Nf6 2. c4 e6 3. Nc3 Bb4 4. g3 c5 5. Nf3 cxd4 6. Nxd4 O-O 7. Bg2 d5 8. O-O dxc4 9. Qa4 Na6 10. Rd1 {LiveBook: 9 Games. White wants to play Nxe6! E20: Nimzo-Indian: 4 g3 and 4 f3} Qe8 $146 ({Better is} 10... Bd7 $11 11. Qc2 Qc7) ({Predecessor:} 10... Bxc3 11. bxc3 Bd7 12. Qa3 Qc7 13. Rb1 Nc5 14. Nb5 Bxb5 15. Rxb5 b6 16. Bxa8 Rxa8 17. Be3 Qc6 {1-0 (37) Baryshpolets,A (2592)-Vazquez,G (2426) Costa Mesa 2017}) 11. Qc2 (11. Qxe8 $14 Rxe8 12. Ndb5) 11... Nc7 (11... e5 $11 12. Nf5 Bc5) 12. Ne4 $16 {White is better.} Nxe4 13. Bxe4 e5 (13... f5 $14 14. Bxf5 (14. Qxc4 fxe4 15. Qxc7 Qf7 $14) 14... exf5 15. Qxc4+ Ne6) 14. Bxh7+ Kh8 15. Nf3 b5 (15... Qe7 $16 {keeps fighting.}) 16. Qe4 $1 $18 {[%cal Re4h4]} Qe6 17. Ng5 $1 {[%cal Rg5e6]} (17. Nxe5 $6 Be7 $16) 17... Qg4 {[#]} 18. Qc6 (18. Rd8 $1 $18 {[%cal Rg5f7][%mdl 512]} Qxe4 (18... Rxd8 19. Nxf7#) 19. Rxf8+ (19. Bxe4 Be6 $16) 19... Bxf8 20. Bxe4 (20. Nxe4 $2 {too greedy.} Kxh7 21. Be3 Bb7 $19)) 18... Ne6 (18... Qxe2 $14 19. Be3 Ne6) 19. Qxa8 {aiming for f3.} Nxg5 20. Bxg5 {Black must now prevent Bd2.} Kxh7 21. Rd8 $2 (21. Bd2 $18 Bc5 22. Qc6) 21... Rxd8 $11 22. Bxd8 Bf5 {[#]} (22... Bc5 $11 23. Qc6 Bd4) 23. Qxa7 (23. Qf3 $1 $16) 23... Qxe2 {And now ...c3 would win.} 24. Qxf7 Bg6 25. Qd7 {Bf6 is the strong threat.} Bc5 26. Qh3+ Kg8 27. Qe6+ (27. Rf1 $11) 27... Bf7 $17 {[%mdl 1024] Black has strong compensation.} 28. Qf5 {[#]} Bg6 (28... Bh5 $1 $17 {[%cal Rh5g4]} 29. Qe6+ Kh8) 29. Qe6+ {Precision: White = 54%, Black = 40%.} (29. Qxg6 $2 {leads to mate.} Qxf2+ 30. Kh1 Qf3#) 1/2-1/2

[Event "GCT Saint Louis Blitz 2018"]
[Site "Saint Louis"]
[Date "2018.08.14"]
[Round "6"]
[White "Caruana, Fabiano"]
[Black "Vachier-Lagrave, Maxime"]
[Result "0-1"]
[WhiteElo "2709"]
[BlackElo "2878"]
[Annotator "TA"]
[PlyCount "172"]
[EventDate "2018.08.14"]
[EventType "tourn"]
[EventCountry "USA"]
[SourceTitle "playchess.com"]
[Source "ChessBase"]
[SourceQuality "1"]

{[%evp 17,172,-46,0,0,0,-9,-20,-56,0,0,0,0,22,3,55,0,0,0,0,-11,-7,-11,105,0,0,-20,0,-24,-17,-13,0,0,23,-3,-14,-43,-46,-55,-52,-45,-56,-138,-138,-138,-138,-138,-138,-137,-138,-149,-146,-145,-130,-130,-127,-126,-125,-165,-165,-165,-165,-165,-154,-169,-169,-187,-187,-187,-176,-446,-176,-176,-176,-180,-176,-180,-143,-162,-169,-169,-169,-171,-156,-227,-224,-312,-224,-420,-237,-504,-222,-408,-371,-482,-466,-356,-281,-200,-132,-132,-132,-132,-132,-132,-132,-132,-132,-132,-132,-132,-132,-132,-132,-132,0,-132,-132,-132,-132,-132,0,0,0,-132,0,-99,0,-75,0,-132,-75,-132,-132,-133,0,0,0,0,0,-132,-133,-146,0,-148,0,-3006,-4589,-2941,-2504,-12836,-11059,-12837,-12837,-5722,-6628,-2828,-2601]} 1. d4 Nf6 2. Nf3 g6 3. Bf4 Bg7 4. e3 d6 5. h3 O-O 6. Be2 c5 7. Nbd2 cxd4 8. exd4 Nc6 9. c3 Re8 {LiveBook: 4 Games} (9... e5 $5 10. dxe5 dxe5 11. Nxe5 Nd5 12. Nxc6 bxc6 $15) 10. Nc4 {A48: 1 d4 Nf6 2 Nf3 g6: Torre, London and Colle Systems} Nd5 11. Bh2 b5 $146 ({Predecessor:} 11... e5 12. O-O b5 13. dxe5 dxe5 14. Ne3 Nxe3 15. Qxd8 Nxd8 16. fxe3 Bd7 17. a4 bxa4 {½-½ (41) Milov,V (2590)-Sutovsky,E (2480) Tel Aviv 1994}) 12. Ncd2 {The position is equal.} Rb8 (12... b4 $15 13. c4 Nc7) 13. O-O $11 a6 14. Re1 h6 15. Bf1 Bf5 (15... Bd7 $11) 16. Ne4 (16. a4 $14) 16... Na5 17. a4 Nc4 18. axb5 axb5 19. Qb3 Qc7 {[#]} (19... Qb6 $11) 20. Ned2 (20. Nxd6 $1 $16 {[%mdl 512]} exd6 (20... Nxd6 21. Qxd5) 21. Rxe8+ Rxe8 22. Qxb5) 20... Rec8 21. Ra6 Rb7 22. Rea1 Be6 23. Qc2 Nxd2 24. Qxd2 Nf6 25. R1a5 Bc4 26. Bxc4 Qxc4 27. Ra7 Rxa7 28. Rxa7 Nd5 29. Bg3 ({White should try} 29. Bf4 $1 $15) 29... b4 $17 30. cxb4 Qc1+ 31. Qxc1 Rxc1+ 32. Kh2 Rc2 33. Ra5 Nxb4 34. Rb5 Rxb2 35. Rb7 Bf6 36. Bf4 Kg7 37. Bc1 Rc2 38. Bxh6+ Kxh6 39. Rxb4 Rxf2 $19 {[%mdl 4096] Endgame KRB-KRN} 40. Kg1 Ra2 41. g4 Bg5 42. Rb3 Bf4 43. Rb7 $2 (43. Kf1 {might work better.}) 43... Re2 $2 (43... Be3+ 44. Kh1 Rf2 45. g5+ Kg7) 44. Kf1 Re4 45. Rb3 Kg7 46. Kf2 d5 47. Rd3 Re6 48. Ng1 Ra6 49. Ne2 Bd6 50. Kf3 (50. g5 $17 {was worth a try.}) 50... g5 51. Rb3 e6 52. Rd3 $2 (52. Rb7) 52... Kg6 (52... Ra3 $142 53. Rxa3 Bxa3) 53. Rb3 $2 (53. Rd1 {keeps fighting.}) 53... Ra1 (53... Ra3 $142 54. Rxa3 Bxa3) 54. Rd3 $2 (54. Rb6 {was necessary.} Ra3+ 55. Kg2) 54... Ra3 55. Rxa3 Bxa3 {KB-KN} 56. Ke3 Bd6 57. Ng1 f5 58. Nf3 Kf6 59. Kd3 Bf4 60. Kc3 Ke7 61. Kd3 Kd6 62. Kc3 Kc6 63. Ng1 Kb5 64. Kb3 Be3 65. Nf3 Bf4 66. Ng1 $1 Bd2 67. Nf3 Be3 68. Kc3 Ka4 (68... Bf4 $17 69. Kb3 Kc6) 69. Kd3 $11 Bf4 70. Kc3 (70. gxf5 $11 exf5 71. h4) 70... Ka3 (70... Kb5 $17 71. Kd3 Kc6) 71. Ng1 (71. gxf5 $1 $11 exf5 72. h4) 71... Bc7 (71... Bd6 $17 72. Kd3 Ka4) 72. Nf3 (72. gxf5 $1 $11 exf5 73. Nf3) 72... Bd8 (72... fxg4 $1 $17 73. hxg4 Bd8) 73. Ng1 (73. gxf5 $1 $11 exf5 74. Ne5) 73... Ba5+ ({Better is} 73... f4 74. Nf3 Ka4) 74. Kc2 (74. Kd3 $142) 74... Kb4 $17 75. Kd3 Kb3 (75... Kb5 $17 76. Nf3 Bd8) 76. Nf3 $11 Bd8 77. Ne5 $1 f4 78. Nf3 (78. Nd7 $11 {keeps the balance.}) 78... Kb2 79. Kd2 Bf6 (79... Be7 $1 $17 80. Ne5 Bf6) 80. Kd3 {[#]} (80. h4 $1 $11 {was the only way to keep the balance.}) 80... Kc1 {[#]} (80... Be7 $1 $17 {aiming for ...Kc1.} 81. Ne5 Kc1) 81. Kc3 $2 {[%mdl 8192]} (81. h4 $1 $11 {[%mdl 512]} gxh4 82. g5 Bxg5 83. Nxg5) 81... Kd1 $19 {Black is clearly winning.} 82. Kd3 Bd8 83. h4 gxh4 {[%cal Bg5h4,Bh4h3][%mdl 32]} 84. g5 h3 85. g6 Bf6 86. Nh2 Ke1 {Precision: White = 38%, Black = 49%.} 0-1

[Event "GCT Saint Louis Blitz 2018"]
[Site "Saint Louis"]
[Date "2018.08.14"]
[Round "7"]
[White "Vachier-Lagrave, Maxime"]
[Black "Karjakin, Sergey"]
[Result "1-0"]
[WhiteElo "2878"]
[BlackElo "2898"]
[Annotator "TA"]
[PlyCount "97"]
[EventDate "2018.08.14"]
[EventType "tourn"]
[EventCountry "USA"]
[SourceTitle "playchess.com"]
[Source "ChessBase"]
[SourceQuality "1"]

{[%evp 22,97,11,14,23,13,14,18,21,18,14,18,19,0,0,0,0,0,14,-8,0,-20,0,0,12,-7,0,-19,0,-6,-4,0,6,6,35,31,50,41,164,165,175,180,195,176,175,172,285,285,338,323,323,340,513,505,485,308,658,625,948,910,981,971,991,635,29971,1032,695,369,1209,714,29972,29971,29964,29966,5206,1075,29990,29991]} 1. e4 e5 2. Nf3 Nc6 3. Bc4 Bc5 4. c3 Nf6 5. d3 d6 6. O-O a6 7. a4 h6 8. Re1 {C54: Italienische Partie (Hauptvariante)} O-O 9. h3 a5 10. Nbd2 Be6 11. Bb5 Na7 12. d4 {LiveBook: 4 Partien} Nxb5 13. dxc5 Na7 14. b3 Re8 15. cxd6 Qxd6 {[#]} 16. Ba3 $146 c5 17. Qe2 b6 18. Nc4 Bxc4 19. Qxc4 Rad8 20. Re3 Nc6 21. Rae1 Rd7 22. Bc1 Red8 23. g3 {[%cal Bg2g3,Bg3f4,Bf4f5,Bf5f6][%mdl 32]} Ne7 24. Nd2 Nc8 25. Qf1 Qe6 26. Nc4 Ne8 27. f4 $1 exf4 28. gxf4 Ned6 29. f5 Qe7 (29... Qf6 $1 $14) 30. Rg3 $1 $36 {[%mdl 2048] Droht stark f6. Läuft bei Weiss.} Nxc4 {[#]} 31. f6 $1 Qe5 32. Rxg7+ Kh8 {Weiss muss nun ...Sd2 beachten.} 33. bxc4 Rd3 (33... Rd6 $142) 34. Qf4 {[%cal Rf4h6]} ({Falsch wäre} 34. Rxf7 $2 Qg3+ 35. Qg2 (35. Kh1 $2 Rf3 $19) 35... Qxe1+ $19) 34... Qh5 35. Qxh6+ Qxh6 36. Bxh6 Rxh3 (36... Rg8 {kämpft weiter.} 37. e5 Rxh3) 37. Bf4 Rh7 38. Rg5 Rh4 $2 (38... Nd6 39. Rd1 Nb7) 39. Bg3 Rh7 40. e5 Na7 41. e6 fxe6 42. Rxe6 Nc8 {[#]} 43. Be5 (43. f7 $142 $1 {[%mdl 512]} Rd1+ (43... Rxf7 44. Rh6+) 44. Kg2 Rd2+ 45. Kf3 Rxf7+ 46. Ke3 Rd6 47. Bxd6 Nxd6 48. Rxd6) 43... Rf7 {[#]} 44. Re7 $1 {[%mdl 512]} Rdf8 $2 (44... Rg8 45. Rg2 (45. Rxf7 Rxg5+ 46. Kf2 Rxe5 $11) 45... Nxe7 46. fxe7+ Kh7) (44... Nxe7 45. fxe7+) 45. Kg2 Kh7 46. Rg7+ Rxg7+ 47. Rxg7+ Kh6 48. Kg3 (48. Kf3 $142 Kh5 49. Ke4 Nd6+ 50. Bxd6 Rxf6 51. Be5) 48... Re8 49. Kf4 {Precision: Weiß = 64%, Schwarz = 35%.} 1-0